Euro (Record no. 81175)
[ view plain ]
| 000 -LEADER | |
|---|---|
| fixed length control field | 00939cab a22001935a 4500 |
| 001 - CONTROL NUMBER | |
| control field | L146512 |
| 008 - FIXED-LENGTH DATA ELEMENTS--GENERAL INFORMATION | |
| fixed length control field | 090128e20090123xxkod f 000 0 eng d |
| 035 ## - SYSTEM CONTROL NUMBER | |
| System control number | (Sirsi) u146512 |
| 041 0# - LANGUAGE CODE | |
| Language code of text/sound track or separate title | eng |
| 100 1# - MAIN ENTRY--PERSONAL NAME | |
| Personal name | Glackin, Michael |
| 245 00 - TITLE STATEMENT | |
| Title | Euro |
| Remainder of title | 300 |
| 260 ## - PUBLICATION, DISTRIBUTION, ETC. | |
| Date of publication, distribution, etc. | 2009 |
| 490 #0 - SERIES STATEMENT | |
| Series statement | Building |
| Volume/sequential designation | 274 (8563) 23 January 2009, 42-52 (10) |
| 520 ## - SUMMARY, ETC. | |
| Summary, etc. | Presents an annual table of Europe's top 300 contractors and materials firms. Reports that the German construction market is the best placed to face the current international economic downturn. Vinci, a French company, is at the top of the league table, followed by Bouygues (France) and ACS (Spain). Most figures are based on annual results from December 2007. Provides countries of companies, turnover in millions of euros and in percentages, and net profit in millions of euros. |
| 590 ## - LOCAL NOTE (RLIN) | |
| Local note | KA |
| 651 #4 - SUBJECT ADDED ENTRY--GEOGRAPHIC NAME | |
| Geographic name | Europe |
| 690 ## - LOCAL SUBJECT ADDED ENTRY--TOPICAL TERM (OCLC, RLIN) | |
| Topical term or geographic name as entry element | BUILT ENVIRONMENT-CONSTRUCTION MARKET |
| 942 ## - ADDED ENTRY ELEMENTS (KOHA) | |
| Suppress in OPAC | 0 |
| Withdrawn status | Lost status | Source of classification or shelving scheme | Damaged status | Not for loan | Home library | Current library | Shelving location | Date acquired | Total Checkouts | Full call number | Barcode | Date last seen | Copy number | Price effective from | Koha item type |
|---|---|---|---|---|---|---|---|---|---|---|---|---|---|---|---|
| Dewey Decimal Classification | London | London | Journal article | 28/01/2009 | L146512 | 146512-1001 | 06/08/2019 | 1 | 06/08/2019 | Journal article |